50 Plus grandes villes d'Allemagne (avec une carte) - Statistiques

Statistiques générales
  • Ce quiz a été pris 96 fois
    95 depuis la dernière actualisation
  • Le résultat moyen est 27 sur 50
Réponses sur la Carte
Les réponses sont colorées sur une échelle allant du rouge au vert en fonction du pourcentage des utilisateurs qui les ont devinées à leur premier essai. Vous pouvez retrouver ces pourcentages ci-dessous.
 
Statistiques - réponses
Lander Ville Population % Correct
Bavière Munich 1,5 million
100%
- Berlin 3,7 million
99%
Rhénanie-du-Nord-Westphalie Cologne 1 million
94%
- Hambourg 1,8 million
94%
Hesse Francfort 750k
90%
Rhénanie-du-Nord-Westphalie Dortmund 600k
86%
Rhénanie-du-Nord-Westphalie Dusseldorf 620k
85%
Bade-Wurtemberg Stuttgart 610k
85%
- Breme 590k
83%
Saxe Leipzig 610k
82%
Bavière Nuremberg 530k
82%
Basse-Saxe Hanovre 520k
78%
Saxe Dresde 560k
74%
Rhénanie-du-Nord-Westphalie Aix-la-Chapelle 260k
68%
Rhénanie-du-Nord-Westphalie Bonn 320k
68%
Sarre Sarrebruck 180k
68%
Bavière Augsbourg 300k
67%
Schleswig-Holstein Kiel 250k
67%
Bade-Wurtemberg Fribourg 240k
64%
Rhénanie-du-Nord-Westphalie Essen 570k
61%
Rhénanie-Palatinat Mayence 225k
58%
Bade-Wurtemberg Karlsruhe 320k
57%
Bade-Wurtemberg Mannheim 320k
56%
Mecklembourg-Poméranie-Occidentale Rostock 205k
56%
Rhénanie-du-Nord-Westphalie Duisbourg 500k
54%
Rhénanie-du-Nord-Westphalie Bielefeld 330k
53%
Brandebourg Potsdam 185k
51%
Rhénanie-du-Nord-Westphalie Gelsenkirchen 270k
50%
Rhénanie-du-Nord-Westphalie Leverkusen 170k
47%
Rhénanie-du-Nord-Westphalie Munster 310k
46%
Rhénanie-du-Nord-Westphalie Monchengladbach 270k
44%
Saxe-Anhalt Magdebourg 245k
42%
Rhénanie-du-Nord-Westphalie Bochum 360k
40%
Saxe Chemnitz 245k
40%
Thuringe Erfurt 220k
40%
Rhénanie-du-Nord-Westphalie Wuppertal 360k
40%
Schleswig-Holstein Lubeck 215k
38%
Hesse Wiesbaden 290k
36%
Hesse Kassel 200k
31%
Saxe-Anhalt Halle 225k
29%
Hesse Darmstadt 165k
22%
Basse-Saxe Brunswick 250k
21%
Rhénanie-Palatinat Ludwigshafen 180k
18%
Rhénanie-du-Nord-Westphalie Oberhausen 210k
18%
Basse-Saxe Oldenbourg 175k
18%
Basse-Saxe Osnabruck 165k
18%
Rhénanie-du-Nord-Westphalie Krefeld 230k
13%
Rhénanie-du-Nord-Westphalie Hamm 180k
11%
Rhénanie-du-Nord-Westphalie Hagen 190k
10%
Rhénanie-du-Nord-Westphalie Mulheim 170k
10%
Aucun quiz correspondant
Distribution des résultats
% des personnes avec chaque résultat
Percentile par nombre de réponses
Votre historique - résultats
Vous n’avez pas pris ce quiz depuis la dernière actualisation